[Event "Lyon ECAM IM (Women)"]
[Site "Lyon"]
[Date "2023.04.12"]
[Round "3"]
[White "Cornileau, Juliette"]
[Black "Afraoui, Anaelle"]
[Result "1/2-1/2"]
[WhiteElo "2054"]
[BlackElo "2128"]
[PlyCount "134"]
[EventDate "2023.04.10"]
[EventType "tourn"]
[EventRounds "9"]
[EventCountry "FRA"]
[SourceTitle "EXT 2024"]
[Source "ChessBase"]
[SourceDate "2023.10.10"]
[SourceVersion "1"]
[SourceVersionDate "2023.10.10"]
[SourceQuality "1"]

1. d4 Nf6 2. c4 d6 3. Nc3 e5 4. Nf3 e4 5. Nd2 Qe7 6. e3 g6 7. Qc2 Bf5 8. Be2 Bg7 9. Nf1 c6 10. Ng3 0-0 11. Nxf5 gxf5 12. g3 d5 13. cxd5 Nxd5 14. Nxd5 cxd5 15. Bd2 Nc6 16. Qb3 Rfd8 17. Bc3 Rac8 18. 0-0 Bh6 19. Rfe1 Kh8 20. Bf1 Rd7 21. Qd1 Qg5 22. Rc1 Rg8 23. Kh1 Qg6 24. Bh3 b5 25. Qe2 Rb7 26. Bd2 Bf8 27. Bxf5 Nxd4 28. Bc3 Qxf5 29. Bxd4+ Bg7 30. Bxg7+ Kxg7 31. Rc5 Rc8 32. Rec1 Rxc5 33. Rxc5 Rb6 34. Qd2 Qh3 35. Qd4+ Kg8 36. Qd1 Rh6 37. Qg1 Qf5 38. Qf1 a6 39. Kg1 Qh5 40. h4 Qe5 41. Qc1 Re6 42. Rc8+ Re8 43. b3 Kg7 44. Rc5 Re6 45. Qd2 Rd6 46. Kg2 Qf5 47. Qd4+ Rf6 48. Rc2 Kg6 49. Rd2 Rd6 50. Qh8 Rc6 51. Qg8+ Kh6 52. Qf8+ Kg6 53. Qg8+ Kh6 54. Qd8 Rc1 55. Qg5+ Qxg5 56. hxg5+ Kxg5 57. Rxd5+ f5 58. Rd6 a5 59. Ra6 a4 60. bxa4 b4 61. Rb6 Ra1 62. Rxb4 Rxa2 63. Rd4 h6 64. Rc4 h5 65. Rd4 Ra1 66. Rb4 Ra2 67. Rd4 Ra1 1/2-1/2

[Event "FRA-ch (Women)"]
[Site "Albi"]
[Date "2022.08.13"]
[Round "1.4"]
[White "Afraoui, Anaelle"]
[Black "Leconte, Maria"]
[Result "0-1"]
[WhiteElo "2140"]
[BlackElo "2167"]
[PlyCount "60"]
[EventDate "2022.08.12"]
[EventType "k.o."]
[EventRounds "4"]
[EventCountry "FRA"]
[SourceTitle "CBM 209 Extra"]
[Source "ChessBase"]
[SourceDate "2022.09.30"]
[SourceVersion "1"]
[SourceVersionDate "2022.09.30"]
[SourceQuality "1"]

1. e4 e6 2. d4 d5 3. Nc3 Bb4 4. e5 c5 5. Bd2 Nh6 6. Nb5 Bxd2+ 7. Qxd2 0-0 8. f4 Nc6 9. Nf3 a6 10. Nd6 f6 11. 0-0-0 c4 12. h3 b5 13. c3 Qa5 14. Kb1 Qb6 15. Be2 a5 16. g4 b4 17. exf6 Bd7 18. g5 Nf5 19. Nxf5 exf5 20. Ne5 Be6 21. Nxc6 Qxc6 22. fxg7 Rfb8 23. Rc1 Ra7 24. Rhe1 Rab7 25. Rc2 b3 26. Rcc1 bxa2+ 27. Ka1 a4 28. Rc2 a3 29. bxa3 Rb1+ 30. Kxa2 Qb5 0-1

[Event "FRA-ch (Women)"]
[Site "Albi"]
[Date "2022.08.13"]
[Round "1.7"]
[White "Afraoui, Anaelle"]
[Black "Leconte, Maria"]
[Result "1-0"]
[WhiteElo "2140"]
[BlackElo "2167"]
[PlyCount "57"]
[EventDate "2022.08.12"]
[EventType "k.o."]
[EventRounds "4"]
[EventCountry "FRA"]
[SourceTitle "CBM 209 Extra"]
[Source "ChessBase"]
[SourceDate "2022.09.30"]
[SourceVersion "1"]
[SourceVersionDate "2022.09.30"]
[SourceQuality "1"]

1. e4 e6 2. d4 d5 3. Nc3 Nf6 4. Bg5 Be7 5. e5 Nfd7 6. Bxe7 Qxe7 7. f4 a6 8. Nf3 Nb6 9. Qd2 Bd7 10. Bd3 c5 11. dxc5 Qxc5 12. Ne2 Nc6 13. c3 Nc4 14. Bxc4 dxc4 15. 0-0-0 0-0-0 16. Ned4 Nxd4 17. Nxd4 Bc6 18. Rhf1 g6 19. Qe2 Rd7 20. Nxc6 Rxd1+ 21. Rxd1 Qxc6 22. Rd4 b5 23. Rd6 Qb7 24. Qe3 Qc7 25. Rxa6 Qb7 26. Qc5+ Kd8 27. Qd6+ Ke8 28. Rb6 Qxb6 29. Qxb6 1-0

[Event "FRA-ch (Women)"]
[Site "Albi"]
[Date "2022.08.13"]
[Round "1.3"]
[White "Leconte, Maria"]
[Black "Afraoui, Anaelle"]
[Result "0-1"]
[WhiteElo "2167"]
[BlackElo "2140"]
[PlyCount "88"]
[EventDate "2022.08.12"]
[EventType "k.o."]
[EventRounds "4"]
[EventCountry "FRA"]
[SourceTitle "CBM 209 Extra"]
[Source "ChessBase"]
[SourceDate "2022.09.30"]
[SourceVersion "1"]
[SourceVersionDate "2022.09.30"]
[SourceQuality "1"]

1. e4 c5 2. Na3 Nc6 3. Bb5 Nd4 4. Ba4 a6 5. c3 Nc6 6. f4 b5 7. Bc2 c4 8. d4 cxd3 9. Qxd3 e6 10. Nf3 Nf6 11. e5 Nd5 12. 0-0 Bb7 13. Bd2 Qc7 14. Kh1 Be7 15. Rae1 Na5 16. Nd4 Rc8 17. Qg3 g6 18. Nb1 h5 19. Bc1 h4 20. Qh3 b4 21. Ba4 Qb6 22. f5 gxf5 23. Nxf5 exf5 24. Rxf5 Qe6 25. Ref1 Nb6 26. Bd1 Bd5 27. Bg4 Qg6 28. Nd2 Be6 29. Ne4 Rc4 30. Qf3 Rg8 31. Bh3 Bd5 32. Re1 Bxe4 33. Rxe4 Rxe4 34. Qxe4 bxc3 35. bxc3 Qc6 36. Qf4 Qd5 37. Qf1 Qc4 38. Qe1 Nb7 39. Qf2 Nc5 40. Bd2 Nd5 41. Qe1 Ne4 42. Bh6 Rg6 43. Qb1 Rb6 44. Qe1 Rxh6 0-1

[Event "FRA-chT Top 12 final (Women)"]
[Site "Cesson Sevigne"]
[Date "2021.08.28"]
[Round "1.3"]
[White "Coriat, Caroline"]
[Black "Afraoui, Anaelle"]
[Result "0-1"]
[WhiteElo "1784"]
[BlackElo "2118"]
[PlyCount "52"]
[EventDate "2021.08.28"]
[EventType "team-k.o."]
[EventRounds "2"]
[EventCountry "FRA"]
[SourceTitle "CBM 204 Extra"]
[Source "ChessBase"]
[SourceDate "2021.11.30"]
[SourceVersion "1"]
[SourceVersionDate "2021.11.30"]
[SourceQuality "1"]
[WhiteTeam "Paris Club 608 (W)"]
[BlackTeam "Clichy Echecs 92 (W)"]
[WhiteTeamCountry "FRA"]
[BlackTeamCountry "FRA"]

1. c4 g6 2. Nc3 Bg7 3. d4 d6 4. Nf3 Nd7 5. g3 e5 6. Bg2 Ne7 7. 0-0 0-0 8. dxe5 dxe5 9. e4 Nc5 10. Be3 Ne6 11. Qxd8 Rxd8 12. Rfd1 Nd4 13. Bxd4 exd4 14. Nd5 Nxd5 15. cxd5 c5 16. Rac1 b6 17. b4 Bh6 18. Rc2 Bd7 19. Rb2 Ba4 20. Rdb1 d3 21. Ne1 c4 22. Nxd3 cxd3 23. f4 Bc2 24. Rf1 Rac8 25. Bf3 g5 26. fxg5 Bg7 0-1

[Event "FRA-chT Top 12"]
[Site "Chalons en Champagne"]
[Date "2021.06.26"]
[Round "3.6"]
[White "Ruhlmann, Helene"]
[Black "Afraoui, Anaelle"]
[Result "0-1"]
[WhiteElo "1816"]
[BlackElo "2085"]
[PlyCount "42"]
[EventDate "2021.06.24"]
[EventType "team-tourn"]
[EventRounds "11"]
[EventCountry "FRA"]
[SourceTitle "CBM 203 Extra"]
[Source "ChessBase"]
[SourceDate "2021.09.30"]
[SourceVersion "1"]
[SourceVersionDate "2021.09.30"]
[SourceQuality "1"]
[WhiteTeam "Echiquier de l'Erdre"]
[BlackTeam "Clichy Echecs 92"]
[WhiteTeamCountry "FRA"]
[BlackTeamCountry "FRA"]

1. d4 Nf6 2. c4 d6 3. Nc3 g6 4. e4 Bg7 5. h3 0-0 6. Be3 e5 7. d5 c6 8. g4 cxd5 9. cxd5 Nbd7 10. Nge2 Nc5 11. Ng3 Qa5 12. Qd2 Nb3 13. axb3 Qxa1+ 14. Nd1 b6 15. b4 Qa4 16. b5 Nxe4 17. Nxe4 Qxe4 18. Rg1 f5 19. b3 f4 20. Bd3 fxe3 21. fxe3 Qf3 0-1

[Event "Mitropa Cup Online (Women)"]
[Site "Tornelo INT"]
[Date "2021.05.12"]
[Round "9.4"]
[White "Lubbe, Melanie"]
[Black "Afraoui, Anaelle"]
[Result "1-0"]
[WhiteElo "2278"]
[BlackElo "2106"]
[PlyCount "81"]
[EventDate "2021.05.04"]
[EventType "team-tourn"]
[EventRounds "9"]
[EventCountry "SUI"]
[SourceTitle "CBM 202 Extra"]
[Source "ChessBase"]
[SourceDate "2021.07.31"]
[SourceVersion "1"]
[SourceVersionDate "2021.07.31"]
[SourceQuality "1"]
[WhiteTeam "Germany (W)"]
[BlackTeam "France (W)"]
[WhiteTeamCountry "GER"]
[BlackTeamCountry "FRA"]

1. e4 d6 2. d4 Nf6 3. Nc3 g6 4. h3 c6 5. g4 b5 6. Bg2 b4 7. Nce2 h5 8. g5 Nfd7 9. f4 Bg7 10. Nf3 0-0 11. f5 Ba6 12. fxg6 fxg6 13. Nf4 Rxf4 14. Bxf4 Qa5 15. Kf2 Nb6 16. e5 N8d7 17. exd6 exd6 18. Re1 Qf5 19. Kg3 Nc4 20. Nh4 Qf7 21. Bxc6 Rf8 22. Qf3 Ndb6 23. Be4 Bxd4 24. Nxg6 Ne5 25. Bxe5 Bxe5+ 26. Kg2 Qxf3+ 27. Bxf3 Rxf3 28. Kxf3 Bxb2 29. Rad1 Nc4 30. Re7 Bb5 31. Rxa7 Bc3 32. Ne7+ Kf8 33. Nf5 Bc6+ 34. Kf2 Bd2 35. g6 Be4 36. Rxd2 Bxf5 37. Rd4 Be6 38. g7+ Kg8 39. Rf4 Kh7 40. Rf8 Bg8 41. Raa8 1-0

[Event "Mitropa Cup Online (Women)"]
[Site "Tornelo INT"]
[Date "2021.05.10"]
[Round "7.4"]
[White "Hercog, Nusa"]
[Black "Afraoui, Anaelle"]
[Result "0-1"]
[WhiteElo "2028"]
[BlackElo "2106"]
[PlyCount "170"]
[EventDate "2021.05.04"]
[EventType "team-tourn"]
[EventRounds "9"]
[EventCountry "SUI"]
[SourceTitle "CBM 202 Extra"]
[Source "ChessBase"]
[SourceDate "2021.07.31"]
[SourceVersion "1"]
[SourceVersionDate "2021.07.31"]
[SourceQuality "1"]
[WhiteTeam "Slovenia (W)"]
[BlackTeam "France (W)"]
[WhiteTeamCountry "SLO"]
[BlackTeamCountry "FRA"]

1. d4 Nf6 2. c4 g6 3. Nc3 d6 4. e4 Bg7 5. h3 0-0 6. Be3 Nc6 7. Nge2 e5 8. d5 Nd4 9. Nxd4 exd4 10. Bxd4 Nxe4 11. Bxg7 Re8 12. Be2 Kxg7 13. Qd4+ Qf6 14. Qxf6+ Kxf6 15. Nxe4+ Rxe4 16. Kd2 Bf5 17. f3 Re7 18. g4 Bd7 19. Rhf1 Rae8 20. Bd3 Ke5 21. Ke3 f5 22. Rad1 Kf6+ 23. Kf4 g5+ 24. Kg3 h5 25. b3 Re3 26. Kg2 hxg4 27. hxg4 Rh8 28. a3 Rh4 29. b4 fxg4 30. fxg4+ Kg7 31. Bf5 Bxf5 32. Rxf5 Rxg4+ 33. Kh2 Rxc4 34. Rxg5+ Kf6 35. Rh5 Rxa3 36. Rf1+ Kg6 37. Rhf5 Rh4+ 38. Kg2 Rg4+ 39. Kh2 Kh7 40. Rh5+ Kg8 41. Rhf5 Rg7 42. Re1 a5 43. Re8+ Kh7 44. bxa5 Rxa5 45. Rh5+ Kg6 46. Reh8 Ra2+ 47. Kg3 b5 48. Kf4 Ra4+ 49. Ke3 Rg4 50. R8h6+ Kf7 51. Rf5+ Ke7 52. Rf1 Kd7 53. Rh8 R4g5 54. Kd4 Re5 55. Rf4 Re1 56. Kc3 Rd1 57. Rf5 Rc1+ 58. Kb4 Rb1+ 59. Kc3 c6 60. dxc6+ Kxc6 61. Rc8+ Rc7 62. Rb8 d5 63. Kc2 Rb4 64. Rd8 Rc4+ 65. Kd3 Rc5 66. Rf6+ Kb7 67. Rfd6 b4 68. Rxd5 Rxd5+ 69. Rxd5 Kb6 70. Rd8 Kb5 71. Rb8+ Ka4 72. Ra8+ Kb3 73. Kd2 Kb2 74. Rb8 Rd7+ 75. Ke3 b3 76. Rb6 Kc2 77. Rc6+ Kb1 78. Rb6 b2 79. Rb8 Rd5 80. Ke4 Rc5 81. Kd4 Rc7 82. Rh8 Kc2 83. Rh2+ Kb3 84. Rh3+ Ka2 85. Rh2 Ka1 0-1

[Event "Cappelle Online Bullet op"]
[Site "Europe Echecs INT"]
[Date "2021.03.05"]
[Round "6"]
[White "Afraoui, Anaelle"]
[Black "Grabowski, Marek"]
[Result "1-0"]
[WhiteElo "2106"]
[BlackElo "1827"]
[PlyCount "83"]
[EventDate "2021.03.05"]
[EventType "swiss (blitz)"]
[EventRounds "15"]
[EventCountry "FRA"]
[SourceTitle "EXT 2022"]
[Source "ChessBase"]
[SourceDate "2021.10.06"]
[SourceVersion "1"]
[SourceVersionDate "2021.10.06"]
[SourceQuality "1"]

1. e4 Nc6 2. Nf3 d6 3. d4 Nf6 4. Nc3 g6 5. Be3 Bg7 6. h3 0-0 7. Be2 e5 8. 0-0 exd4 9. Nxd4 Bd7 10. Qd2 a6 11. Rfe1 Ne5 12. f4 Nc6 13. Bf3 Nxd4 14. Bxd4 Bc6 15. Rad1 Qd7 16. Nd5 Nxd5 17. exd5 Bxd4+ 18. Qxd4 Bb5 19. c4 c5 20. Qd3 Ba4 21. b3 Bb5 22. cxb5 axb5 23. Rd2 Rac8 24. Rde2 c4 25. bxc4 bxc4 26. Qc3 b5 27. Re7 Qd8 28. a3 Qb6+ 29. Qe3 Qa5 30. Rd7 Rfd8 31. Rxd8+ Rxd8 32. Qe7 Rf8 33. Qxd6 b4 34. Qxb4 Qc7 35. Rc1 Rc8 36. Qxc4 Qxc4 37. Rxc4 Rxc4 38. Kf2 Rc2+ 39. Ke3 Rc3+ 40. Kd4 Rxa3 41. d6 Ra4+ 42. Kc5 1-0

[Event "Cappelle Online Bullet op"]
[Site "Europe Echecs INT"]
[Date "2021.03.05"]
[Round "8"]
[White "Afraoui, Anaelle"]
[Black "Unuk, Laura"]
[Result "0-1"]
[WhiteElo "2106"]
[BlackElo "2389"]
[PlyCount "74"]
[EventDate "2021.03.05"]
[EventType "swiss (blitz)"]
[EventRounds "15"]
[EventCountry "FRA"]
[SourceTitle "EXT 2022"]
[Source "ChessBase"]
[SourceDate "2021.10.06"]
[SourceVersion "1"]
[SourceVersionDate "2021.10.06"]
[SourceQuality "1"]

1. e4 e6 2. d4 d5 3. Nc3 Nf6 4. Bg5 Bb4 5. e5 h6 6. Bd2 Bxc3 7. bxc3 Ne4 8. Qg4 Kf8 9. Bd3 Nxd2 10. Kxd2 c5 11. h4 Nc6 12. Nh3 c4 13. Be2 b5 14. Nf4 Rg8 15. Rab1 Rb8 16. Rh3 Ne7 17. Nh5 Nf5 18. Qf3 Qa5 19. g4 Nxd4 20. Qe3 Nxe2 21. Qc5+ Ke8 22. Kxe2 Bd7 23. g5 Qxa2 24. Rc1 b4 25. cxb4 Qb2 26. Rhh1 Qxe5+ 27. Qe3 Qxe3+ 28. fxe3 Rxb4 29. Rb1 Rxb1 30. Rxb1 Ke7 31. Rb7 hxg5 32. hxg5 a5 33. Ra7 a4 34. Nf4 Kd6 35. Kd2 e5 36. Ne2 e4 37. Nc3 Ke5 0-1

[Event "EU-Cup Online Gr-E (Women)"]
[Site "Tornelo INT"]
[Date "2020.12.19"]
[Round "1.1"]
[White "Maton, Emily"]
[Black "Afraoui, Anaelle"]
[Result "0-1"]
[WhiteElo "1415"]
[BlackElo "2106"]
[PlyCount "122"]
[EventDate "2020.12.19"]
[EventType "team-tourn (rapid)"]
[EventRounds "9"]
[EventCountry "ISS"]
[SourceTitle "CBM 199 Extra"]
[Source "ChessBase"]
[SourceDate "2021.01.31"]
[SourceVersion "1"]
[SourceVersionDate "2021.01.31"]
[SourceQuality "1"]
[WhiteTeam "She Plays To Win (W)"]
[BlackTeam "Clichy Echecs 92 (W)"]
[WhiteTeamCountry "ENG"]
[BlackTeamCountry "FRA"]

1. g3 g6 2. Bg2 Bg7 3. c4 Nf6 4. Nc3 0-0 5. Nf3 d6 6. d4 Nbd7 7. 0-0 c6 8. Bf4 Nh5 9. Qd2 Nxf4 10. Qxf4 e5 11. Qd2 exd4 12. Nxd4 Ne5 13. b3 Qe7 14. Rad1 Bd7 15. Nf3 Nxf3+ 16. Bxf3 Be6 17. Bg2 Rad8 18. Qd3 Rfe8 19. Rfe1 Bf5 20. e4 Bg4 21. Rc1 Qf6 22. h3 Bc8 23. Red1 Qe7 24. b4 Be6 25. b5 c5 26. Nd5 Bxd5 27. Qxd5 b6 28. a4 Bd4 29. h4 Rc8 30. Rc2 Qd8 31. Rxd4 cxd4 32. Qxd4 Qc7 33. Bh3 Rcd8 34. f4 Qc5 35. Qxc5 dxc5 36. Bg2 Rd1+ 37. Kf2 Red8 38. Ke2 R1d3 39. Kf2 Rd2+ 40. Rxd2 Rxd2+ 41. Kf3 Ra2 42. Bf1 Rxa4 43. e5 Ra3+ 44. Kf2 Kf8 45. Be2 Ke7 46. Bg4 Rc3 47. Be2 f6 48. exf6+ Kxf6 49. g4 h6 50. Kg2 g5 51. fxg5+ hxg5 52. hxg5+ Kxg5 53. Kf2 Kf4 54. Kg2 Rc2 55. Kf2 Rb2 56. Ke1 Ke3 57. Bd1 Rh2 58. Kf1 Rh1+ 59. Kg2 Rxd1 60. g5 Rd8 61. Kg3 Kd4 0-1

[Event "Trophee Roza Lallemand Online"]
[Site "Tornelo INT"]
[Date "2020.12.13"]
[Round "3"]
[White "Afraoui, Anaelle"]
[Black "Colinmaire, Anne Frederique"]
[Result "1-0"]
[WhiteElo "2106"]
[BlackElo "1153"]
[PlyCount "67"]
[EventDate "2020.12.13"]
[EventType "swiss (rapid)"]
[EventRounds "9"]
[EventCountry "USA"]
[SourceTitle "EXT 2022"]
[Source "ChessBase"]
[SourceDate "2021.10.06"]
[SourceVersion "1"]
[SourceVersionDate "2021.10.06"]
[SourceQuality "1"]

1. e4 c6 2. d4 d5 3. Nc3 dxe4 4. Nxe4 Bf5 5. Ng3 Bg6 6. Nf3 Nd7 7. h4 h6 8. h5 Bh7 9. Bd3 Bxd3 10. Qxd3 e6 11. Bd2 Qb6 12. 0-0-0 Ne7 13. Ne4 Nd5 14. a3 a5 15. Rhe1 Be7 16. g4 Qa7 17. c4 Nb4 18. axb4 axb4 19. Qb3 Nb6 20. Kc2 0-0 21. Bxb4 Bxb4 22. Qxb4 Nd7 23. Ne5 b5 24. Nxd7 Qxd7 25. Qd6 Qb7 26. Nc5 Qb6 27. Nd7 Qa6 28. Ra1 Qb7 29. Nxf8 bxc4 30. Ra3 Rxa3 31. Qxa3 Qb6 32. Rd1 Qb8 33. Nd7 Qf4 34. Qe3 1-0

[Event "Trophee Roza Lallemand Online"]
[Site "Tornelo INT"]
[Date "2020.12.13"]
[Round "7"]
[White "Afraoui, Anaelle"]
[Black "Dornbusch, Tatiana"]
[Result "0-1"]
[WhiteElo "2106"]
[BlackElo "2249"]
[PlyCount "114"]
[EventDate "2020.12.13"]
[EventType "swiss (rapid)"]
[EventRounds "9"]
[EventCountry "USA"]
[SourceTitle "EXT 2022"]
[Source "ChessBase"]
[SourceDate "2021.10.06"]
[SourceVersion "1"]
[SourceVersionDate "2021.10.06"]
[SourceQuality "1"]

1. e4 Nf6 2. e5 Nd5 3. d4 d6 4. Nf3 Nc6 5. Be2 dxe5 6. Nxe5 Nxe5 7. dxe5 Bf5 8. a3 e6 9. 0-0 Be7 10. Bf3 c6 11. Qe2 0-0 12. c4 Nb6 13. Rd1 Qc7 14. Nc3 a5 15. b3 Nd7 16. Bf4 Nc5 17. Qb2 Nd3 18. Qd2 Rfd8 19. Be4 Nc5 20. Qc2 Rxd1+ 21. Rxd1 Nxe4 22. Nxe4 Bxa3 23. Qe2 Bxe4 24. Qxe4 Rd8 25. Qe2 Be7 26. h3 Rxd1+ 27. Qxd1 Qd8 28. Qxd8+ Bxd8 29. Kf1 Bc7 30. Bd2 b5 31. Bc3 Kf8 32. Ke2 Ke7 33. Kd3 f6 34. exf6+ gxf6 35. f3 a4 36. bxa4 bxa4 37. Kc2 Bd6 38. Kd3 Bc5 39. Kc2 e5 40. Kd3 Ke6 41. Kc2 Kf5 42. Bd2 Bd4 43. Bc1 h5 44. Kd3 Ke6 45. Ba3 f5 46. Bb4 Bb2 47. Kc2 Bd4 48. Ba3 e4 49. fxe4 fxe4 50. Kd2 Kf5 51. Ke2 Kf4 52. Kf1 Ke3 53. Ke1 Kd3 54. Kd1 Kxc4 55. g4 hxg4 56. hxg4 Kb3 57. Be7 a3 0-1

[Event "Trophee Roza Lallemand Online"]
[Site "Tornelo INT"]
[Date "2020.12.13"]
[Round "8"]
[White "Mence, Eline"]
[Black "Afraoui, Anaelle"]
[Result "0-1"]
[WhiteElo "1264"]
[BlackElo "2106"]
[PlyCount "100"]
[EventDate "2020.12.13"]
[EventType "swiss (rapid)"]
[EventRounds "9"]
[EventCountry "USA"]
[SourceTitle "EXT 2022"]
[Source "ChessBase"]
[SourceDate "2021.10.06"]
[SourceVersion "1"]
[SourceVersionDate "2021.10.06"]
[SourceQuality "1"]

1. d4 Nf6 2. Nf3 g6 3. Bg5 Bg7 4. Nbd2 d6 5. c3 0-0 6. e4 Nc6 7. Bd3 e5 8. d5 Nb8 9. 0-0 a5 10. a4 Na6 11. Nb3 c6 12. c4 Nb4 13. Qe2 Qc7 14. Bd2 Bg4 15. Rac1 Rad8 16. h3 Bc8 17. Bxb4 axb4 18. Qd2 c5 19. Na1 Nh5 20. b3 Nf4 21. Nc2 Qe7 22. Nce1 Qf6 23. Bc2 Bh6 24. Kh1 Bg7 25. Nd3 Nxh3 26. Qe2 Nf4 27. Nxf4 Qxf4 28. g3 Qf6 29. Nh2 Qe7 30. Kg2 f5 31. Nf3 fxe4 32. Bxe4 Bg4 33. Rh1 Qf6 34. Rh4 Bf5 35. Rch1 h6 36. R4h2 Rf7 37. Rd1 Rdf8 38. Rd3 Bxe4 39. Qxe4 Qf5 40. Qxf5 gxf5 41. Rh1 e4 42. Re3 exf3+ 43. Kxf3 Kh7 44. Rhe1 Be5 45. Kg2 Kg6 46. f4 Bd4 47. Re6+ Rf6 48. Re7 R8f7 49. Re8 Kh7 50. R1e7 Kg7 0-1

[Event "FISU World University"]
[Site "Tornelo INT"]
[Date "2020.10.27"]
[Round "5.7"]
[White "Afraoui, Anaelle"]
[Black "Molenda, Marcin"]
[Result "0-1"]
[WhiteElo "2120"]
[BlackElo "2349"]
[PlyCount "64"]
[EventDate "2020.10.26"]
[EventType "team-swiss (rapid)"]
[EventRounds "9"]
[EventCountry "NET"]
[SourceTitle "CBM 199 Extra"]
[Source "ChessBase"]
[SourceDate "2021.01.31"]
[SourceVersion "1"]
[SourceVersionDate "2021.01.31"]
[SourceQuality "1"]
[WhiteTeam "France"]
[BlackTeam "Poland"]
[WhiteTeamCountry "FRA"]
[BlackTeamCountry "POL"]

1. e4 c5 2. Nf3 e6 3. d4 cxd4 4. Nxd4 a6 5. Bd3 Nf6 6. Nc3 Qc7 7. 0-0 d6 8. Kh1 g6 9. f4 Bg7 10. f5 0-0 11. Qe2 Nc6 12. Nxc6 Qxc6 13. a4 b6 14. Bg5 Bb7 15. Rad1 Rae8 16. Bxa6 exf5 17. Bb5 Qc5 18. Bxe8 Rxe8 19. Qb5 Qc8 20. Rxd6 Ba6 21. Qxb6 Bxf1 22. Bxf6 fxe4 23. Bxg7 Bxg2+ 24. Kxg2 Qg4+ 25. Kf1 e3 26. Qc6 e2+ 27. Nxe2 Qxe2+ 28. Kg1 Qg4+ 29. Kf1 Qf4+ 30. Kg1 Re1+ 31. Kg2 Re2+ 32. Kg1 Qxh2+ 0-1

[Event "Online Olym Div Top-B"]
[Site "Chess.com INT"]
[Date "2020.08.21"]
[Round "1.3"]
[White "Hoang, Thanh Trang"]
[Black "Afraoui, Anaelle"]
[Result "1/2-1/2"]
[WhiteElo "2405"]
[BlackElo "1312"]
[PlyCount "106"]
[EventDate "2020.08.21"]
[EventType "team-tourn (rapid)"]
[EventRounds "9"]
[EventCountry "USA"]
[SourceTitle "CBM 198"]
[Source "ChessBase"]
[SourceDate "2020.10.31"]
[SourceVersion "1"]
[SourceVersionDate "2020.10.31"]
[SourceQuality "1"]
[WhiteTeam "Hungary"]
[BlackTeam "France"]
[WhiteTeamCountry "HUN"]
[BlackTeamCountry "FRA"]

1. d4 Nf6 2. Nf3 g6 3. Bf4 Bg7 4. e3 0-0 5. Be2 d6 6. 0-0 Nbd7 7. h3 b6 8. a4 Bb7 9. a5 bxa5 10. Nbd2 c5 11. Nb3 cxd4 12. exd4 a4 13. Rxa4 Nb6 14. Ra3 Bd5 15. Na5 Rc8 16. Nd2 Ne4 17. Nxe4 Bxe4 18. c4 e5 19. dxe5 dxe5 20. Be3 Qc7 21. b4 Rfd8 22. Qc1 Bf8 23. c5 Nd5 24. Bg5 Nxb4 25. Bxd8 Rxd8 26. Nb3 Ba8 27. Rd1 Rxd1+ 28. Bxd1 Nd3 29. Qd2 Qc6 30. Bf3 e4 31. Na5 Qxc5 32. Rxd3 exd3 33. Bxa8 Qc2 34. Qxc2 dxc2 35. Nb3 Ba3 36. Be4 c1Q+ 37. Nxc1 Bxc1 38. Kf1 h6 39. Ke2 Kf8 40. Kd3 Ke7 41. Bd5 f6 42. h4 g5 43. hxg5 fxg5 44. g4 Kd6 45. Ba8 Ke5 46. f3 a5 47. Kc2 Be3 48. Kb3 Bd2 49. Ka4 Kf4 50. Bb7 Bb4 51. Ba8 Bd2 52. Bb7 Bb4 53. Ba8 Bd2 1/2-1/2